| 000 | 00481nam a2200205Ia 4500 | ||
|---|---|---|---|
| 008 | 220216s9999 xx 000 0 und d | ||
| 100 | _aMabbett T | ||
| 245 | 0 | _aProtecting plantations | |
| 260 |
_bAfrican Farming and Food Processing _c1999 |
||
| 300 | _a33-35 | ||
| 500 | _aSource Year: 2000 | ||
| 650 | _aCocoa | ||
| 650 | _aCoffee | ||
| 650 | _aDisease control | ||
| 650 | _aPlantation crops | ||
| 650 | _aRubber | ||
| 650 | _aTea | ||
| 856 | _uIRRDB | ||
| 942 | _cJS | ||
| 999 |
_c66045 _d66045 |
||